Inclusion strategies that work ! : (Record no. 137565)

MARC details
000 -LEADER
fixed length control field 00692nam a22002057a 4500
005 - DATE AND TIME OF LATEST TRANSACTION
control field 20170213161315.0
010 ## - LCCN (DPL NO)
LC control number ENG-117232
020 ## - INTERNATIONAL STANDARD BOOK NUMBER
International Standard Book Number 9789386062345
Terms of availability 1095.00
035 ## - SYSTEM CONTROL NUMBER
System control number EN-100764
037 ## - SOURCE OF ACQUISITION
Source of stock number/acquisition DBAD/PUB
082 00 - DEWEY DECIMAL CLASSIFICATION NUMBER
Classification number 371.9046
100 1# - MAIN ENTRY--PERSONAL NAME
Personal name Karten,Toby J.
245 10 - TITLE STATEMENT
Title Inclusion strategies that work ! :
Statement of responsibility, etc by Tobey J. Karten
Remainder of title reaschers-based methods for the Classroom /
250 ## - EDITION STATEMENT
Edition statement 3rd ed.
260 ## - PUBLICATION, DISTRIBUTION, ETC. (IMPRINT)
Place of publication, distribution, etc New Delhi
Name of publisher, distributor, etc SAGE Publications,
Date of publication, distribution, etc 2017
270 ## - ADDRESS
Address B1/I-1 Mohan Cooperative Industrial Area, Mathura Road
City New Delhi
Postal code 110044
300 ## - PHYSICAL DESCRIPTION
Extent xix,426p.
Dimensions 28 cm.(pbk)
504 ## - BIBLIOGRAPHY, ETC. NOTE
Bibliography, etc Includes references and index.
942 ## - ADDED ENTRY ELEMENTS (KOHA)
Source of classification or shelving scheme Dewey Decimal Classification
Item type English Books
Classification part 371.9046
Call number suffix KAR
Holdings
Withdrawn status Lost status Not for loan Collection code Home library Current library Date acquired Source of acquisition Cost, normal purchase price Full call number Barcode Copy number Cost, replacement price Koha item type
    Not For Loan Non-fiction D.B.Act.Division D.B.Act.Division 13/02/2017 DBAD/PUB 1095.00 371.9046 KAR EN-100764 1 1095.00 English Books

© Delhi Public Library
Hit Counter
free hit counter